Las mil mejores poesías de la lengua castellana : ocho siglos de poesía española e hispanoamericana /

שמור ב:
מידע ביבליוגרפי
מחבר ראשי: Bergua, José (selec.)
פורמט: ספר
שפה:ספרדית
יצא לאור: Madrid, España : Ediciones Ibéricas, 1965, c1965
מהדורה:21a edición
סדרה:(Biblioteca de Bolsillo Ediciones Ibéricas)
נושאים:
תגים: הוספת תג
אין תגיות, היה/י הראשונ/ה לתייג את הרשומה!

MARC

LEADER 00000nam^a2200000^a^4500
001 000126858
005 20250521000000.0
009 20260310094740.697
037 |a Acervo ITESO - Biblioteca 
041 |a ESP 
082 |a 861.  |b BER 
100 |a Bergua, José  |e (selec.) 
245 1 4 |a Las mil mejores poesías de la lengua castellana :  |b ocho siglos de poesía española e hispanoamericana /  |c Ed., selec. de J. Bergua. 
250 |a 21a edición 
264 4 |a Madrid, España :  |b Ediciones Ibéricas,  |c 1965, c1965 
300 |a 735 p. 
336 |a texto  |b txt  |2 rdacontenido 
337 |a sin mediación  |b n  |2 rdamedio 
338 |a volumen  |b nc  |2 rdasoporte 
440 1 |a (Biblioteca de Bolsillo Ediciones Ibéricas) 
649 |a XX 
650 |a Poesía Española 
650 |a Poesía Latinoamericana 
650 |a Literatura Latinoamericana 
650 |a Literatura Española 
910 |a Fondo Salvador Reynoso Reynoso 
920 |a Impresos - Libros 
930 |a Fondos Especiales 
940 |a Literatura 
905 |a 112 
901 |a 0800009101  |b IT2  |c ESP  |u 20250521 
902 |a https://opac.biblio.iteso.mx/vufind/Record/000126858